书目信息 |
| 题名: |
结构及弹性力学有限单元法
|
|
| 作者: | 刘怀恒 主编 | |
| 分册: | ||
| 出版信息: | 西安 西北工业大学出版社 2007.08 |
|
| 页数: | 187页 | |
| 开本: | 26cm | |
| 丛书名: | ||
| 单 册: | ||
| 中图分类: | O342 | |
| 科图分类: | ||
| 主题词: | 结构力学--jie gou li xue--有限元法 , 弹性力学--dan xing li xue--有限元法 | |
| 电子资源: | ||
| ISBN: | 978-7-5612-2276-8 | |
| 000 | 01193nam0 2200265 450 | |
| 001 | 012008366161 | |
| 005 | 20080221150722.03 | |
| 010 | @a978-7-5612-2276-8@dCNY19.00 | |
| 100 | @a20080221d2007 em y0chiy0120 ea | |
| 101 | 0 | @achi |
| 102 | @aCN@b610000 | |
| 105 | @aa a 000yy | |
| 106 | @ar | |
| 200 | 1 | @a结构及弹性力学有限单元法@Ajie gou ji dan xing li xue you xian dan yuan fa@f刘怀恒主编@Fliu huai heng zhu bian |
| 210 | @a西安@c西北工业大学出版社@d2007.08 | |
| 215 | @a187页@c图@d26cm | |
| 300 | @a高等学校教材 | |
| 320 | @a有书目 (第187页) | |
| 330 | @a本书是作为学生学习有限单元法的入门教材,着重从基本概念和力学原理出发,对有限单元法的基本理论、弹性力学问题有限单元法基本方程的建立、单元特性及求解方法给予系统的讲述,内容包括了弹性力学的二维、三维问题,薄板弯曲问题,二维和三维等参数单元、大型方程组解法及带宽优化等有限单元法的基本理论及方法,并简要介绍了非线性问题、动力学问题有限单元法,最后一章通过几个实例介绍了有限单元法的工程应用。 | |
| 606 | 0 | @a结构力学@Ajie gou li xue@x有限元法 |
| 606 | 0 | @a弹性力学@Adan xing li xue@x有限元法 |
| 690 | @aO342@v4 | |
| 701 | 0 | @a刘怀恒@Aliu huai heng@4主编 |
| 801 | 0 | @aCN@bQSSK@c20080221 |
| 905 | @b281357-59@dO342@eL622@f3 | |
| 结构及弹性力学有限单元法/刘怀恒主编.-西安:西北工业大学出版社,2007.08 |
| 187页:图;26cm |
| 高等学校教材 |
| ISBN 978-7-5612-2276-8:CNY19.00 |
| 本书是作为学生学习有限单元法的入门教材,着重从基本概念和力学原理出发,对有限单元法的基本理论、弹性力学问题有限单元法基本方程的建立、单元特性及求解方法给予系统的讲述,内容包括了弹性力学的二维、三维问题,薄板弯曲问题,二维和三维等参数单元、大型方程组解法及带宽优化等有限单元法的基本理论及方法,并简要介绍了非线性问题、动力学问题有限单元法,最后一章通过几个实例介绍了有限单元法的工程应用。 |
| ● |
| 相关链接 |
|
|
|
正题名:结构及弹性力学有限单元法
索取号:O342/L622
 
预约/预借
| 序号 | 登录号 | 条形码 | 馆藏地/架位号 | 状态 | 备注 |
| 1 | 281357 | 202813571 | 自科库401/401自科库 52排3列4层/ [索取号:O342/L622] | 在馆 | |
| 2 | 281358 | 202813580 | 自科库401/401自科库 52排3列4层/ [索取号:O342/L622] | 在馆 | |
| 3 | 281359 | 202813599 | 自科库401/401自科库 52排3列4层/ [索取号:O342/L622] | 在馆 |